000 nam a22 7a 4500
999 _c9736
_d9736
008 180207b ||||| |||| 00| 0 eng d
100 _aFarber,W.
_95840
245 _aFreund Schaftsqes Chiehten
260 _aGMBH
_c2003